Dialéctica de la naturaleza

保存先:
書誌詳細
第一著者: Engels, Federico
フォーマット: 図書
言語:Undetermined
出版事項: México, Distrito Federal Grijalbo 1961
主題:
タグ: タグ追加
タグなし, このレコードへの初めてのタグを付けませんか!

MARC

LEADER 00000nam a2200000Ia 4500
008 170316s9999 xx 000 0 und d
090 |a 100 E-13d 
100 |a Engels, Federico 
245 |a Dialéctica de la naturaleza 
260 |a México, Distrito Federal 
260 |b Grijalbo 
260 |c 1961 
300 |a 348 páginas 
650 |a FILOSOFÍA 
999 |c 16093  |d 16093 
040 |a cru BVZT 
942 |c 15 D  |h 100 E-13d  |2 z